书目信息 |
| 题名: |
交响音乐艺术欣赏
|
|
| 作者: | 屠冶九 著 | |
| 分册: | ||
| 出版信息: | 太原 山西教育出版社 1997 |
|
| 页数: | 260页 | |
| 开本: | 19cm | |
| 丛书名: | 美育丛书 | |
| 单 册: | ||
| 中图分类: | J627.7 , G40-014 | |
| 科图分类: | ||
| 主题词: | 交响乐-音乐欣赏--青年读物 , 音乐欣赏-交响乐--青年读物 | |
| 电子资源: | ||
| ISBN: | 7-5440-0604-2 | |
| 000 | 00817nam2 2200289 45 | |
| 001 | 0197042384 | |
| 005 | 20040426144046.2 | |
| 010 | @a7-5440-0604-2@dCNY8.50 | |
| 100 | @a19971121d1997 demy0chiy0121 ea | |
| 101 | 0 | @achi |
| 102 | @aCN@b140000 | |
| 105 | @ay z 000yy | |
| 106 | @ar | |
| 200 | 10 | @a交响音乐艺术欣赏@Ajiao xiang yin yue yi shu xin shang@f屠冶九著 |
| 210 | @a太原@c山西教育出版社@d1997 | |
| 215 | @a260页@d19cm | |
| 225 | 2 | @a美育丛书@i音乐舞蹈系列 |
| 300 | @a国家“八五”规划重点图书 | |
| 410 | 0 | @120010@a美育丛书 |
| 410 | 0 | @120010@a音乐舞蹈系列 |
| 606 | @a交响乐-音乐欣赏@x青年读物 | |
| 606 | @a音乐欣赏-交响乐@x青年读物 | |
| 690 | @aJ627.7@v3 | |
| 690 | @aG40-014 | |
| 701 | 0 | @a屠冶九@Atu ye jiu@4著 |
| 801 | 0 | @aCN@bNLC@c19971217 |
| 905 | @f3@b276644-646@dG40-014@e193:18 | |
| 交响音乐艺术欣赏/屠冶九著.-太原:山西教育出版社,1997 |
| 260页;19cm.-(美育丛书.音乐舞蹈系列) |
| 国家“八五”规划重点图书 |
| ISBN 7-5440-0604-2:CNY8.50 |
| ● |
| 相关链接 |
|
|
|
|
正题名:交响音乐艺术欣赏
索取号:G40-014/193:18
 
预约/预借
| 序号 | 登录号 | 条形码 | 馆藏地/架位号 | 状态 | 备注 |
| 1 | 0275443 | 002056125 | 第一样本阅览室/ [索取号:G40-014/193:18] | 在馆 | |
| 2 | 0276644 | 001499319 | 密集书库/ [索取号:G40-014/193:18] | 在馆 | |
| 3 | 0276645 | 001499355 | 密集书库/ [索取号:G40-014/193:18] | 在馆 | |
| 4 | 0276646 | 001496161 | 密集书库/ [索取号:G40-014/193:18] | 在馆 |